Statistics for Crystal Palace F.C. 2018/2019 Squad

Click here to take the quiz!

General Stats

  • This quiz has been taken 54 times
    (37 since last reset)
  • The average score is 18 of 25

Answer Stats

No.Answer% Correct
11Côte d'Ivoire (FW)Wilfried Zaha
100%
3Netherlands (DF)Patrick van Aanholt
89%
18Scotland (MF)James McArthur
89%
13Wales (GK)Wayne Hennessey
85%
17Belgium (FW)Christian Benteke
85%
5England (DF)James Tomkins
85%
9Ghana (FW)Jordan Ayew
85%
10England (MF)Andros Townsend
85%
4Serbia (MF)Luka Milivojević
81%
31Spain (GK)Vicente Guaita
81%
2England (DF)Joel Ward
81%
7Germany (MF)Max Meyer
78%
22Ireland (MF)James McCarthy
74%
-England (MAN)Roy Hodgson
74%
8Senegal (MF)Cheikhou Kouyaté
74%
12France (DF)Mamadou Sakho
70%
24England (DF)Gary Cahill
70%
34England (DF)Martin Kelly
70%
6England (DF)Scott Dann
67%
15Ghana (DF)Jeffrey Schlupp
59%
44Netherlands (MF)Jaïro Riedewald
56%
23Spain (MF)Víctor Camarasa
52%
21England (FW)Connor Wickham
48%
19Ireland (GK)Stephen Henderson
41%
35England (DF)Sam Woods
26%

Score Distribution

Percentile by Number Answered

Percent of People with Each Score

Your Score History

You have not taken this quiz since the last reset